Statistics for sport things

Click here to take the quiz!

General Stats

  • This quiz has been taken 29 times
  • The average score is 5 of 6

Answer Stats

Answer% Correct
Baseball
100%
Basketball
100%
football
95%
Tennis ball
70%
soccer ball
55%
Bmx
30%

Score Distribution

Percentile by Number Answered

Percent of People with Each Score

Your Score History

You have not taken this quiz